<?xml version="1.0" encoding="UTF-8"?>
<record
    xmlns:xsi="http://www.w3.org/2001/XMLSchema-instance"
    xsi:schemaLocation="http://www.loc.gov/MARC21/slim http://www.loc.gov/standards/marcxml/schema/MARC21slim.xsd"
    xmlns="http://www.loc.gov/MARC21/slim">

  <leader>04634namaa22004331i 4500</leader>
  <controlfield tag="003">EG-GICUC</controlfield>
  <controlfield tag="005">20260510112902.0</controlfield>
  <controlfield tag="008">260510s2025    ua a|||frm||| 000 0 eng d</controlfield>
  <datafield tag="040" ind1=" " ind2=" ">
    <subfield code="a">EG-GICUC</subfield>
    <subfield code="b">eng</subfield>
    <subfield code="c">EG-GICUC</subfield>
    <subfield code="d">EG-GICUC</subfield>
    <subfield code="e">rda</subfield>
  </datafield>
  <datafield tag="041" ind1="0" ind2=" ">
    <subfield code="a">eng</subfield>
    <subfield code="b">eng</subfield>
    <subfield code="b">ara</subfield>
  </datafield>
  <datafield tag="049" ind1=" " ind2=" ">
    <subfield code="a">Deposit</subfield>
  </datafield>
  <datafield tag="082" ind1="0" ind2="4">
    <subfield code="a">421.1</subfield>
  </datafield>
  <datafield tag="092" ind1=" " ind2=" ">
    <subfield code="a">421.1</subfield>
    <subfield code="2">21</subfield>
  </datafield>
  <datafield tag="097" ind1=" " ind2=" ">
    <subfield code="a">M.A</subfield>
  </datafield>
  <datafield tag="099" ind1=" " ind2=" ">
    <subfield code="a">Cai01.02.16.M.A.2025.Ra.E</subfield>
  </datafield>
  <datafield tag="100" ind1="0" ind2=" ">
    <subfield code="a">Rahma Zakaria Barakat, </subfield>
    <subfield code="e">preparation.</subfield>
  </datafield>
  <datafield tag="245" ind1="1" ind2="0">
    <subfield code="a">Estudio anal&#xED;tico de la interpretaci&#xF3;n simult&#xE1;nea desde la Teor&#xED;a de los  Actos de Habla: los discursos de Mariano Rajoy en 2017 sobre el  Refer&#xE9;ndum de Catalu&#xF1;a como modelo /</subfield>
    <subfield code="c">by Rahma Zakaria Barakat ; Supervisors Dr&#xAA;. Yasm&#xED;n Ahmed Abdel Aziz, Dr. Ali Mohamed Abdel-Latif. </subfield>
  </datafield>
  <datafield tag="246" ind1="1" ind2="5">
    <subfield code="a">&#x62F;&#x631;&#x627;&#x633;&#x629; &#x62A;&#x62D;&#x644;&#x64A;&#x644;&#x64A;&#x629; &#x644;&#x644;&#x62A;&#x631;&#x62C;&#x645;&#x629; &#x627;&#x644;&#x641;&#x648;&#x631;&#x64A;&#x629; &#x645;&#x646; &#x648;&#x627;&#x642;&#x639; &#x646;&#x638;&#x631;&#x64A;&#x629; &#x623;&#x641;&#x639;&#x627;&#x644; &#x627;&#x644;&#x643;&#x644;&#x627;&#x645; :</subfield>
    <subfield code="b"> &#x62E;&#x637;&#x627;&#x628;&#x627;&#x62A; &#x645;&#x627;&#x631;&#x64A;&#x627;&#x646;&#x648; &#x631;&#x627;&#x62E;&#x648;&#x64A; &#x641;&#x64A; 2017 &#x62D;&#x648;&#x644; &#x627;&#x633;&#x62A;&#x641;&#x62A;&#x627;&#x621; &#x643;&#x62A;&#x627;&#x644;&#x648;&#x646;&#x64A;&#x627; &#x646;&#x645;&#x648;&#x630;&#x62C;&#x640;&#x627;&#x64B;</subfield>
  </datafield>
  <datafield tag="264" ind1=" " ind2="0">
    <subfield code="c">2025.</subfield>
  </datafield>
  <datafield tag="300" ind1=" " ind2=" ">
    <subfield code="a">171 pages : </subfield>
    <subfield code="b">illustrations ;</subfield>
    <subfield code="c">25 cm. + </subfield>
    <subfield code="e">CD.</subfield>
  </datafield>
  <datafield tag="336" ind1=" " ind2=" ">
    <subfield code="a">text</subfield>
    <subfield code="2">rda content</subfield>
  </datafield>
  <datafield tag="337" ind1=" " ind2=" ">
    <subfield code="a">Unmediated</subfield>
    <subfield code="2">rdamedia</subfield>
  </datafield>
  <datafield tag="338" ind1=" " ind2=" ">
    <subfield code="a">volume</subfield>
    <subfield code="2">rdacarrier</subfield>
  </datafield>
  <datafield tag="502" ind1=" " ind2=" ">
    <subfield code="a">Thesis (M.A)-Cairo University, 2025.</subfield>
  </datafield>
  <datafield tag="504" ind1=" " ind2=" ">
    <subfield code="a">Bibliography: pages 117-127.</subfield>
  </datafield>
  <datafield tag="520" ind1=" " ind2="3">
    <subfield code="a">   This study offers an analysis of the simultaneous interpretation into Arabic of Mariano Rajoy's political speeches on the Catalan Referendum at 2017. We explore how interpreters proceed with political speeches, we list the discursive elements used in this type of speeches and we analyze the simultaneous interpretation of these elements from the perspective of Austin&#x2019;s theory of speech acts (1962). It is also worth mentioning that the analysis will include both modalities of simultaneous interpretation: direct and indirect.
     These speeches were chosen because they reflect the Catalan conflict in the period of 2017 which is a complex and delicate issue that affects politics, economy, culture of Spanish society and that up to this moment has not ended. We explore through analysis how the discursive elements in these speeches were interpreted, then we address the difficulties faced by the interpreter.       </subfield>
  </datafield>
  <datafield tag="520" ind1=" " ind2="3">
    <subfield code="a">&#x62A;&#x64F;&#x62D;&#x644;&#x644; &#x647;&#x630;&#x647; &#x627;&#x644;&#x62F;&#x631;&#x627;&#x633;&#x629; &#x627;&#x644;&#x62A;&#x631;&#x62C;&#x645;&#x629; &#x627;&#x644;&#x641;&#x648;&#x631;&#x64A;&#x629; &#x625;&#x644;&#x649; &#x627;&#x644;&#x639;&#x631;&#x628;&#x64A;&#x629; &#x644;&#x62E;&#x637;&#x627;&#x628;&#x627;&#x62A; &#x645;&#x627;&#x631;&#x64A;&#x627;&#x646;&#x648; &#x631;&#x627;&#x62E;&#x648;&#x64A; &#x627;&#x644;&#x633;&#x64A;&#x627;&#x633;&#x64A;&#x629; &#x62E;&#x644;&#x627;&#x644; &#x627;&#x633;&#x62A;&#x641;&#x62A;&#x627;&#x621; &#x643;&#x62A;&#x627;&#x644;&#x648;&#x646;&#x64A;&#x627; &#x639;&#x627;&#x645; &#x662;&#x660;&#x661;&#x667;. &#x627;&#x644;&#x647;&#x62F;&#x641; &#x627;&#x644;&#x631;&#x626;&#x64A;&#x633;&#x64A; &#x647;&#x648; &#x627;&#x633;&#x62A;&#x643;&#x634;&#x627;&#x641; &#x643;&#x64A;&#x641;&#x64A;&#x629; &#x62A;&#x639;&#x627;&#x645;&#x644; &#x627;&#x644;&#x645;&#x62A;&#x631;&#x62C;&#x645;&#x64A;&#x646; &#x627;&#x644;&#x641;&#x648;&#x631;&#x64A;&#x64A;&#x646; &#x645;&#x639; &#x647;&#x630;&#x627; &#x627;&#x644;&#x646;&#x648;&#x639; &#x645;&#x646; &#x627;&#x644;&#x62E;&#x637;&#x627;&#x628;&#x627;&#x62A;&#x60C; &#x648;&#x62A;&#x62D;&#x62F;&#x64A;&#x62F; &#x627;&#x644;&#x627;&#x633;&#x62A;&#x631;&#x627;&#x62A;&#x64A;&#x62C;&#x64A;&#x627;&#x62A; &#x627;&#x644;&#x62E;&#x637;&#x627;&#x628;&#x64A;&#x629; &#x627;&#x644;&#x645;&#x633;&#x62A;&#x62E;&#x62F;&#x645;&#x629;&#x60C; &#x648;&#x627;&#x644;&#x62A;&#x62D;&#x642;&#x642; &#x645;&#x646; &#x643;&#x64A;&#x641;&#x64A;&#x629; &#x62A;&#x641;&#x633;&#x64A;&#x631;&#x647;&#x627; &#x641;&#x64A; &#x627;&#x644;&#x646;&#x633;&#x62E;&#x629; &#x627;&#x644;&#x639;&#x631;&#x628;&#x64A;&#x629;&#x60C; &#x648;&#x647;&#x644; &#x62A;&#x639;&#x643;&#x633; &#x627;&#x644;&#x641;&#x639;&#x644; &#x627;&#x644;&#x625;&#x644;&#x642;&#x627;&#x621;&#x64A; &#x623;&#x645; &#x644;&#x627; &#x645;&#x646; &#x648;&#x627;&#x642;&#x639; &#x646;&#x638;&#x631;&#x64A;&#x629; &#x623;&#x641;&#x639;&#x627;&#x644; &#x627;&#x644;&#x643;&#x644;&#x627;&#x645; &#x644;&#x62C;&#x648;&#x646; &#x623;&#x648;&#x633;&#x62A;&#x646; (&#x661;&#x669;&#x666;&#x662;).
&#x62A;&#x62A;&#x643;&#x648;&#x646; &#x645;&#x62C;&#x645;&#x648;&#x639;&#x629; &#x627;&#x644;&#x62F;&#x631;&#x627;&#x633;&#x629; &#x645;&#x646; &#x645;&#x62C;&#x645;&#x648;&#x639;&#x629; &#x645;&#x62E;&#x62A;&#x627;&#x631;&#x629; &#x645;&#x646; &#x62E;&#x637;&#x627;&#x628;&#x627;&#x62A; &#x645;&#x627;&#x631;&#x64A;&#x627;&#x646;&#x648; &#x631;&#x627;&#x62E;&#x648;&#x64A; &#x627;&#x644;&#x62A;&#x64A; &#x623;&#x64F;&#x644;&#x642;&#x64A;&#x62A; &#x62E;&#x644;&#x627;&#x644; &#x627;&#x644;&#x635;&#x631;&#x627;&#x639; &#x627;&#x644;&#x643;&#x62A;&#x627;&#x644;&#x648;&#x646;&#x64A;&#x60C; &#x648;&#x627;&#x644;&#x62A;&#x64A; &#x62A;&#x645; &#x62A;&#x62D;&#x644;&#x64A;&#x644;&#x647;&#x627; &#x641;&#x64A; &#x646;&#x633;&#x62E;&#x647;&#x627; &#x627;&#x644;&#x645;&#x62A;&#x631;&#x62C;&#x645;&#x629; &#x625;&#x644;&#x649; &#x627;&#x644;&#x639;&#x631;&#x628;&#x64A;&#x629;. &#x643;&#x645;&#x627; &#x62A;&#x64F;&#x642;&#x627;&#x631;&#x646; &#x627;&#x644;&#x62F;&#x631;&#x627;&#x633;&#x629; &#x628;&#x64A;&#x646; &#x646;&#x645;&#x637;&#x64A; &#x627;&#x644;&#x62A;&#x631;&#x62C;&#x645;&#x629; &#x627;&#x644;&#x641;&#x648;&#x631;&#x64A;&#x629; - &#x627;&#x644;&#x645;&#x628;&#x627;&#x634;&#x631;&#x629; &#x648;&#x63A;&#x64A;&#x631; &#x627;&#x644;&#x645;&#x628;&#x627;&#x634;&#x631;&#x629; - &#x644;&#x62A;&#x62D;&#x62F;&#x64A;&#x62F; &#x627;&#x62E;&#x62A;&#x644;&#x627;&#x641;&#x627;&#x62A;&#x647;&#x645;&#x627; &#x641;&#x64A; &#x646;&#x642;&#x644; &#x627;&#x644;&#x631;&#x633;&#x627;&#x644;&#x629; &#x627;&#x644;&#x633;&#x64A;&#x627;&#x633;&#x64A;&#x629;.
&#x62A;&#x643;&#x634;&#x641; &#x627;&#x644;&#x646;&#x62A;&#x627;&#x626;&#x62C; &#x623;&#x646; &#x627;&#x644;&#x627;&#x633;&#x62A;&#x631;&#x627;&#x62A;&#x64A;&#x62C;&#x64A;&#x627;&#x62A; &#x627;&#x644;&#x62E;&#x637;&#x627;&#x628;&#x64A;&#x629; &#x62A;&#x624;&#x62B;&#x631; &#x628;&#x634;&#x643;&#x644; &#x643;&#x628;&#x64A;&#x631; &#x639;&#x644;&#x649; &#x62C;&#x648;&#x62F;&#x629; &#x627;&#x644;&#x62A;&#x631;&#x62C;&#x645;&#x629;&#x60C; &#x648;&#x623;&#x646; &#x627;&#x644;&#x62D;&#x641;&#x627;&#x638; &#x639;&#x644;&#x649; &#x627;&#x644;&#x641;&#x639;&#x644; &#x627;&#x644;&#x625;&#x644;&#x642;&#x627;&#x621;&#x64A; &#x623;&#x645;&#x631; &#x628;&#x627;&#x644;&#x63A; &#x627;&#x644;&#x623;&#x647;&#x645;&#x64A;&#x629; &#x644;&#x636;&#x645;&#x627;&#x646; &#x646;&#x642;&#x644; &#x627;&#x644;&#x631;&#x633;&#x627;&#x644;&#x629; &#x628;&#x623;&#x645;&#x627;&#x646;&#x629; &#x648;&#x641;&#x639;&#x627;&#x644;&#x64A;&#x629;. &#x648;&#x628;&#x634;&#x643;&#x644; &#x639;&#x627;&#x645;&#x60C; &#x64A;&#x642;&#x62F;&#x645; &#x647;&#x630;&#x627; &#x627;&#x644;&#x628;&#x62D;&#x62B; &#x645;&#x646;&#x638;&#x648;&#x631;&#x64B;&#x627; &#x62A;&#x62D;&#x644;&#x64A;&#x644;&#x64A;&#x64B;&#x627; &#x648;&#x62A;&#x637;&#x628;&#x64A;&#x642;&#x64A;&#x64B;&#x627; &#x644;&#x644;&#x639;&#x644;&#x627;&#x642;&#x629; &#x628;&#x64A;&#x646; &#x627;&#x644;&#x62E;&#x637;&#x627;&#x628; &#x627;&#x644;&#x633;&#x64A;&#x627;&#x633;&#x64A; &#x648;&#x627;&#x644;&#x628;&#x631;&#x627;&#x63A;&#x645;&#x627;&#x62A;&#x64A;&#x629; &#x648;&#x645;&#x645;&#x627;&#x631;&#x633;&#x629; &#x627;&#x644;&#x62A;&#x631;&#x62C;&#x645;&#x629; &#x627;&#x644;&#x641;&#x648;&#x631;&#x64A;&#x629;.</subfield>
  </datafield>
  <datafield tag="530" ind1=" " ind2=" ">
    <subfield code="a">Issues also as CD.</subfield>
  </datafield>
  <datafield tag="546" ind1=" " ind2=" ">
    <subfield code="a">Text in English and abstract in Arabic &amp; English.</subfield>
  </datafield>
  <datafield tag="650" ind1=" " ind2="0">
    <subfield code="a">Spanish language and literature</subfield>
  </datafield>
  <datafield tag="650" ind1=" " ind2="0">
    <subfield code="a">&#x627;&#x644;&#x644;&#x63A;&#x629; &#x627;&#x644;&#x625;&#x633;&#x628;&#x627;&#x646;&#x64A;&#x629; &#x648;&#x622;&#x62F;&#x627;&#x628;&#x647;&#x627;</subfield>
  </datafield>
  <datafield tag="653" ind1=" " ind2="1">
    <subfield code="a">Political speech </subfield>
    <subfield code="a">Speech Act Theory</subfield>
    <subfield code="a">Simultaneous interpretation (ES-AR) </subfield>
    <subfield code="a">Catalan referendum</subfield>
    <subfield code="a">Discursive strategies</subfield>
    <subfield code="a">&#x627;&#x644;&#x62E;&#x637;&#x627;&#x628;&#x627;&#x62A; &#x627;&#x644;&#x633;&#x64A;&#x627;&#x633;&#x64A;&#x629;    </subfield>
    <subfield code="a">&#x646;&#x638;&#x631;&#x64A;&#x629; &#x623;&#x641;&#x639;&#x627;&#x644; &#x627;&#x644;&#x643;&#x644;&#x627;&#x645;</subfield>
  </datafield>
  <datafield tag="700" ind1="0" ind2=" ">
    <subfield code="a">Yasm&#xED;n Ahmed Abdel Aziz</subfield>
    <subfield code="e">thesis advisor.</subfield>
  </datafield>
  <datafield tag="700" ind1="0" ind2=" ">
    <subfield code="a">Ali Mohamed Abdel-Latif</subfield>
    <subfield code="e">thesis advisor.</subfield>
  </datafield>
  <datafield tag="900" ind1=" " ind2=" ">
    <subfield code="b">01-01-2025</subfield>
    <subfield code="c">Yasm&#xED;n Ahmed Abdel Aziz</subfield>
    <subfield code="c">Ali Mohamed Abdel-Latif</subfield>
    <subfield code="U">Cairo University</subfield>
    <subfield code="F">Faculty of Arts</subfield>
    <subfield code="D">Department of Spanish language and literature</subfield>
  </datafield>
  <datafield tag="905" ind1=" " ind2=" ">
    <subfield code="a">Shimaa</subfield>
  </datafield>
  <datafield tag="942" ind1=" " ind2=" ">
    <subfield code="2">ddc</subfield>
    <subfield code="c">TH</subfield>
    <subfield code="e">21</subfield>
    <subfield code="n">0</subfield>
  </datafield>
  <datafield tag="999" ind1=" " ind2=" ">
    <subfield code="c">180059</subfield>
  </datafield>
  <datafield tag="952" ind1=" " ind2=" ">
    <subfield code="2">ddc</subfield>
    <subfield code="9">317934</subfield>
    <subfield code="a">CUCL</subfield>
    <subfield code="b">cl210</subfield>
    <subfield code="d">2026-05-10</subfield>
    <subfield code="i">93992</subfield>
    <subfield code="o">Cai01.02.16.M.A.2025.Ra.E</subfield>
    <subfield code="p">01010110093992000</subfield>
    <subfield code="r">2026-05-10 10:29:32</subfield>
    <subfield code="w">2026-05-10</subfield>
    <subfield code="y">TH</subfield>
  </datafield>
</record>
